00809nam a2200217Ia 4500003000900000008004100009040001600050080001900066245011500085260003600200300001000236650004100246650003200287650003500319700003000354700003000384700003200414942000700446999001500453952012300468IN-BaIIA211028s9999 xx 000 0 eng d cIIA Library a(05)52bANN-11 0aAnnual review of astronomy and astrophysicsbvol. 11cedited by Leo Goldberg, David Layzer and John G. Philips aPalo AltobAnnual Reviewsc1973 a435p. aAstronomy and astrophysics thesaurus aAstronomy-Periodicals94087 aAstrophysics-Periodicals94088 aGoldberg, Leo., ed.94090 aLayzer, David., ed.94091 aPhilips, John G., ed.97607 cBK c4334d4334 00104070aBANbBANcGENd1973-12-11g116.87l0o(05)52/ ANN-11p4839r2021-11-05v116.87w1973-12-11yBKGRs. 116.87